000 00255 a2200085 4500
020 _a‎ 9783966800105
100 _aBerlin Akademie Der Künste
245 _aUrbainable/Stadthaltig: Positions on the European City for the 21st
260 _b Architangle (
_c 2020
999 _c13131
_d13131